Langage informatique par Logo - Statistiques

Statistiques générales
  • Ce quiz a été pris 1 279 fois
  • Le résultat moyen est 8 sur 16
Statistiques - réponses
Par images Réponse % Correct
Python
96%
Java
95%
C++
76%
Ruby
72%
Html
69%
Scratch
68%
php
59%
Visual Studio
49%
Bash
36%
Swift
34%
MySQL
32%
ReactJs
23%
OCaml
21%
Scala
9%
Perl
8%
Processing
4%
Aucun quiz correspondant
Distribution des résultats
% des personnes avec chaque résultat
Percentile par nombre de réponses
Votre historique - résultats
Vous n’avez pas pris ce quiz